00517nam a2200193 a 4500001001300000003000900013005001700022008004100039020001000080082001700090100002400107245003600131260004600167300001000213500003500223505001700258650002400275700002400299nice12345678IN_TiNIC20260116011340.0050524s1958 cama grp 000 0 eng  ac10000a909.094bFER aFerguson, Wallace K aSurvey of European Civilization aCambridgebHoughton Mifflin Companyc1958 a1004p aincludes index and biblioraphy2 aIllustration aCivilization-Europe1 aFerguson, Wallace K